مكتبة جامعة عجلون الوطنية

فهرس بحث المكتبة

قرى الاطفال (Record no. 3691)

MARC details
000 -LEADER
fixed length control field 00853nam a2200229Ii 4500
003 - CONTROL NUMBER IDENTIFIER
control field JO-AjNU
008 - FIXED-LENGTH DATA ELEMENTS--GENERAL INFORMATION
fixed length control field 230605s9999||||xx |||||||||||||| ||und||
017 ## - COPYRIGHT OR LEGAL DEPOSIT NUMBER
Copyright or legal deposit number 1984/2012
020 ## - INTERNATIONAL STANDARD BOOK NUMBER
International Standard Book Number 977-130-008-3
040 ## - CATALOGING SOURCE
Original cataloging agency JO-AjNU
Language of cataloging ara
Description conventions rda
Transcribing agency JO-AjNU
041 ## - LANGUAGE CODE
Language code of text/sound track or separate title ara
050 14 - LIBRARY OF CONGRESS CALL NUMBER
Classification number HQ767 .9 .A8482 1984
100 3# - MAIN ENTRY--PERSONAL NAME
Personal name تأليف: العاصي، ثناء ؛ تقديم: ابراهيم عصمت مطاوع,
Relator term author
9 (RLIN) 7131
245 00 - TITLE STATEMENT
Title قرى الاطفال
264 31 - PRODUCTION, PUBLICATION, DISTRIBUTION, MANUFACTURE, AND COPYRIGHT NOTICE
Place of production, publication, distribution, manufacture الاسكندرية: دار المطبوعات الجديدة، 1984
300 ## - PHYSICAL DESCRIPTION
Extent 99ص
Other physical details يحتوي ببلوغرافية من ص 91-99ص
336 ## - CONTENT TYPE
Content type term text
Content type code txt
Source rdacontent
337 ## - MEDIA TYPE
Media type term unmediated
Media type code n
Source rdamedia
338 ## - CARRIER TYPE
Carrier type term volume
Carrier type code nc
Source rdacarrier
490 0# - SERIES STATEMENT
Series statement دراسات في الطفولة؛1
650 #4 - SUBJECT ADDED ENTRY--TOPICAL TERM
Topical term or geographic name entry element الخدمة الاجتماعية - رعاية الطفولة
9 (RLIN) 7132
Holdings
Withdrawn status Lost status Source of classification or shelving scheme Damaged status Not for loan Home library Current library Shelving location Date acquired Total Checkouts Full call number Barcode Date last seen Price effective from Koha item type
    Library of Congress Classification     مكتبة جامعة عجلون الوطنية مكتبة جامعة عجلون الوطنية المجموعات العامة 06/06/2023   HQ767 .9 .A8482 1984 A123 06/06/2023 06/06/2023 Books